| 000 | 00863nam a22002777a 4500 | ||
|---|---|---|---|
| 001 | 31829 | ||
| 003 | UA-OsUOA | ||
| 005 | 20220517095127.0 | ||
| 007 | ta | ||
| 008 | 20050112b un ||||| |||| 00| 0 ukr d | ||
| 020 | _a5726006259 | ||
| 040 |
_aUA-OsUOA _brus _cUA-OsUOA _dUA-OsUOA |
||
| 041 | _arus | ||
| 044 | _aRU | ||
| 080 | _a94(100):34 | ||
| 090 |
_a94(100):34 _bН97 |
||
| 245 |
_aНюрнбергский процесс _bсборник материалов в 8-ми томах _cред. Н. С. Лебедева |
||
| 260 |
_aМосква _bЮридическая литература _c1991 |
||
| 300 | _a672 с. | ||
| 505 | _gТ. 5 | ||
| 650 | 7 |
_2UDC _a94 Історія загалом |
|
| 700 | 1 |
_aЛебедева Н. С. _eред. |
|
| 942 |
_cBK _2udc |
||
| 955 | _a1 | ||
| 999 |
_c318263 _d318263 |
||